000
00262nam a22001217a 4500
008
180129b xxu||||| |||| 00| 0 eng d
041
_a
eng
080
_a
338
100
_a
54
101
_a
man
245
_a
production organization
_c
john.p.c
942
_2
udc
_c
BK
999
_c
41118
_d
41118